00564nam a22001457a 4500003000400000008004100004020001800045082001700063245013900080250001300219260006300232300001100295650009400306700001800400OSt260624b |||||||| |||| 00| 0 eng d a9788170195924 a632.96bS61B aBiological Control of Crop Diseases: Recent Advances and Perspectives; Vol. I. Horticultural Crops/ edited by Dinesh Singh...[et al.] a1st. ed. aDelhi : bToday & Tomorrow Printers and Publishers,c2018. a408 p. aAgriculture and related technologies | Technology (Applied sciences) | Biological control aSingh, Dinesh